Statistics for Top 15 Countries with Covid-19 Cases - 23 March 2022

Click here to take the quiz!

General Stats

  • This quiz has been taken 24 times
  • The average score is 13 of 29

Answer Stats

country% Correct
Russia
100%
United States
100%
India
90%
United Kingdom
90%
France
86%
Germany
86%
Italy
81%
Brazil
76%
Spain
76%
Argentina
52%
Iran
52%
South Korea
52%
Turkey
52%
Portugal
43%
Switzerland
33%
Austria
29%
Belgium
29%
Israel
29%
Netherlands
29%
Netherlands
29%
Czechia
24%
Denmark
19%
Slovenia
14%
Vietnam
14%
Estonia
10%
Georgia
10%
Latvia
5%
Lithuania
5%
Cyprus
0%

Score Distribution

Percentile by Number Answered

Percent of People with Each Score

Your Score History

You have not taken this quiz